Spell the Marvel Hero #128 - Statistics

General Stats
  • This quiz has been taken 18 times
  • The average score is 7 of 9
Answer Stats
Picture Answer % Correct
Ant-Man
92%
Echo
83%
Lockjaw
83%
Rogue
83%
Mirage (Dani Moonstar)
75%
Spider-Man India
75%
Ms. Marvel
67%
M (Monet St. Croix)
58%
Voyager
42%
No matching quizzes found
Score Distribution
Percent of People with Each Score
Percentile by Number Answered
Your Score History
You have not taken this quiz